00823nam a2200229 i 4500001000700000003000900007005001700016007000300033008004100036080001800077080001800095100004000113245011200153250001200265260004300277300003000320600003200350650003800382852003200420999001900452952012200471128791ES-MaACL20230906193348.0t|070524s1972 sp ||||1| spa d a940.42:262.13 a262.13:940.421 aTapia de Renedo, Benedicto.910923510aPío XII, ¿inocente o culpable? b: confrontación de documentos secretos / cBenedicto Tapia de Renedo. a2ª ed. aMadrid : bIbérico Europea, c[1972] a447 p. : bil. ; c21 cm.04aPío bXII, cPapa.99230214aGuerra mundial, 1939-1945.913228 aES-MaACLjC-56286 bR.89131 c128791d128791 00104070aATENEOMbATENEOMcDEPO2d2008-01-17eSCl0oC-56286p1134125r2023-02-23 00:00:00w2023-02-23yMONOGRAFIA